Iqbal day : (Record no. 3063)

000 -LEADER
fixed length control field 01108cam a22003135i 4500
001 - CONTROL NUMBER
control field 18800785
003 - CONTROL NUMBER IDENTIFIER
control field OSt
005 - DATE AND TIME OF LATEST TRANSACTION
control field 20170105101207.0
008 - FIXED-LENGTH DATA ELEMENTS--GENERAL INFORMATION
fixed length control field 151001s2015 pk b 000 0 eng
010 ## - LIBRARY OF CONGRESS CONTROL NUMBER
LC control number 2015327517
020 ## - INTERNATIONAL STANDARD BOOK NUMBER
International Standard Book Number 9789695623718
025 ## - OVERSEAS ACQUISITION NUMBER
Overseas acquisition number P-E-2015327517; 15
037 ## - SOURCE OF ACQUISITION
Source of stock number/acquisition Library of Congress -- Islamabad Overseas Office
Terms of availability Rs 695
040 ## - CATALOGING SOURCE
Original cataloging agency DLC
Language of cataloging eng
Transcribing agency DLC
Description conventions rda
Modifying agency DLC
041 0# - LANGUAGE CODE
Language code of text/sound track or separate title eng
-- per
-- urd
042 ## - AUTHENTICATION CODE
Authentication code lcode
050 00 - LIBRARY OF CONGRESS CALL NUMBER
Classification number PK2199.I65Z5-.I65Z999+
245 00 - TITLE STATEMENT
Title Iqbal day :
Remainder of title celebrations abroad, 1948-2000 /
Statement of responsibility, etc. compiled & edited by Nadeem Shafiq Malik.
260 ## - PUBLICATION, DISTRIBUTION, ETC.
Place of publication, distribution, etc. Lahore
Name of publisher, distributor, etc. Fiction House
Date of publication, distribution, etc. 2015
300 ## - PHYSICAL DESCRIPTION
Extent 288 pages ;
Dimensions 25 cm
504 ## - BIBLIOGRAPHY, ETC. NOTE
Bibliography, etc. note Includes bibliographical references.
546 ## - LANGUAGE NOTE
Language note Some in Persian and Urdu.
600 10 - SUBJECT ADDED ENTRY--PERSONAL NAME
Personal name Iqbal, Muhammad,
Titles and other words associated with a name Sir,
Dates associated with a name 1877-1938
General subdivision Anniversaries, etc.
700 1# - ADDED ENTRY--PERSONAL NAME
Personal name Malik, Nadeem Shafiq,
Relator term compiler.
856 41 - ELECTRONIC LOCATION AND ACCESS
Materials specified Table of contents only
Uniform Resource Identifier <a href="https://www.loc.gov/catdir/toc/fy16pdf03/2015327517.html">https://www.loc.gov/catdir/toc/fy16pdf03/2015327517.html</a>
906 ## - LOCAL DATA ELEMENT F, LDF (RLIN)
a 7
b ibc
c origode
d 3
e ncip
f 20
g y-gencatlg
942 ## - ADDED ENTRY ELEMENTS (KOHA)
Source of classification or shelving scheme
Koha item type Book
Holdings
Withdrawn status Lost status Source of classification or shelving scheme Damaged status Not for loan Permanent Location Current Location Shelving location Date acquired Full call number Barcode Date last seen Price effective from Koha item type Collection code Total Checkouts
          Central Library (CL) Central Library (CL) General Stacks 05/04/2016 891.43915 MAL S3H-D-99 05/04/2016 05/04/2016 Book    
          Central Library (CL) Central Library (CL) General Stacks 05/05/2016 891.43915 MAL S3H-D-100 05/05/2016 05/05/2016 Book    
          Central Library (CL) Central Library (CL)   10/22/2019 891.43915 MAL CIPS02831 10/22/2019 10/22/2019 Book    
          Institute of Environmental Science and Engineering (IESE) Institute of Environmental Science and Engineering (IESE) General Stacks 11/21/2017 891.439 MAL IESE-3904 11/21/2017 11/21/2017 Book    
          Institute of Environmental Science and Engineering (IESE) Institute of Environmental Science and Engineering (IESE) General Stacks 11/21/2017 891.439 MAL IESE-3903 11/21/2017 11/21/2017 Book    
© 2023 Central Library, National University of Sciences and Technology. All Rights Reserved.